MARC details
| 000 -CABECERA |
| campo de control de longitud fija |
02055nam a2200409 4500 |
| 003 - IDENTIFICADOR DEL NÚMERO DE CONTROL |
| campo de control |
EC-UNACH |
| 005 - FECHA Y HORA DE LA ÚLTIMA TRANSACCIÓN |
| campo de control |
20250515162638.0 |
| 006 - CÓDIGOS DE INFORMACIÓN DE LONGITUD FIJA--CARACTERÍSTICAS DEL MATERIAL ADICIONAL |
| campo de control de longitud fija |
s||||gr|||| 00| 00 |
| 008 - DATOS DE LONGITUD FIJA--INFORMACIÓN GENERAL |
| campo de control de longitud fija |
150116t9999 mx r gr 000 0 spa d |
| 020 ## - NÚMERO INTERNACIONAL ESTÁNDAR DEL LIBRO |
| Número Internacional Estándar del Libro |
25287761 |
| 040 ## - FUENTE DE LA CATALOGACIÓN |
| Centro catalogador/agencia de origen |
EC-UNACH |
| Centro/agencia transcriptor |
EC-UNACH |
| 041 ## - CÓDIGO DE LENGUA |
| Código de lengua del texto/banda sonora o título independiente |
spa |
| 082 04 - NÚMERO DE LA CLASIFICACIÓN DECIMAL DEWEY |
| Número de edición |
23 |
| Número de clasificación |
300 |
| Número de documento/Ítem |
L017762 |
| 110 ## - ENTRADA PRINCIPAL--NOMBRE DE ENTIDAD CORPORATIVA |
| Nombre de entidad corporativa o nombre de jurisdicción como elemento de entrada |
Centro Andino de Acción Popular (CAAP) |
| 245 ## - MENCIÓN DE TÍTULO |
| Título |
Ecuador Debate N°115. Memoria de las revistas político culturales |
| 250 ## - MENCIÓN DE EDICIÓN |
| Mención de edición |
Primera edición |
| 264 ## - Producción, publicación, distribución, fabricación y copyright |
| Lugar de producción, publicación, distribución, fabricación |
Quito – Ecuador |
| Nombre del de productor, editor, distribuidor, fabricante |
CAAP |
| Fecha de de producción, publicación, distribución, fabricación o copyright |
2022 |
| 300 ## - DESCRIPCIÓN FÍSICA |
| Extensión |
234 páginas |
| Otras características físicas |
Tablas, Gráficos |
| Dimensiones |
14,5 X 21 cm |
| 505 ## - NOTA DE CONTENIDO CON FORMATO |
| Nota de contenido con formato |
COYUNTURA.- "¿Crisis institucional?": tres avatares donde lo mismo siempre vuelve. -- Conflictividad socio-política: Noviembre/2021-Febrero/2022. -- TEMA CENTRAL.- La Nariz del Diablo o cómo olfatear el cambio de época. -- Caracola: repliegue y apuesta por lo público. -- Una ruptura tierna e insolente: el movimiento tzántzico y la revista Pucuna. -- Nueva: Itinerarios de un proyecto progresista. -- Cohesión y heterogeneidad social en el cono sur de América (1870-1930). Una aproximación desde las publicaciones periódicas. -- La revista Cultura del Banco Central del Ecuador. -- DEBATE AGRARIO.- Desafíos para la transformación de los sistemas productivos agrarios. -- ANÁLISIS.- Un tema incómodo para las Ciencias Sociales: la popularidad de pensadores conservadores en círculos progresistas de América Latina. -- La reforma en el mercado de valores (II). |
| 650 ## - PUNTO DE ACCESO ADICIONAL DE MATERIA--TÉRMINO DE MATERIA |
| Término de materia o nombre geográfico como elemento inicial |
MOVIMIENTO TZÁNTZICO |
| 650 ## - PUNTO DE ACCESO ADICIONAL DE MATERIA--TÉRMINO DE MATERIA |
| Término de materia o nombre geográfico como elemento inicial |
REVISTA PUCUNA |
| 650 ## - PUNTO DE ACCESO ADICIONAL DE MATERIA--TÉRMINO DE MATERIA |
| Término de materia o nombre geográfico como elemento inicial |
CRISIS INSTITUCIONAL |
| 650 ## - PUNTO DE ACCESO ADICIONAL DE MATERIA--TÉRMINO DE MATERIA |
| Término de materia o nombre geográfico como elemento inicial |
PENSADORES CONSERVADORES |
| 700 ## - PUNTO DE ACCESO ADICIONAL--NOMBRE DE PERSONA |
| Nombre de persona |
Bustamante, Fernando |
| 700 ## - PUNTO DE ACCESO ADICIONAL--NOMBRE DE PERSONA |
| Nombre de persona |
Echeverría, Julio |
| 700 ## - PUNTO DE ACCESO ADICIONAL--NOMBRE DE PERSONA |
| Nombre de persona |
Freire García, Susana |
| 700 ## - PUNTO DE ACCESO ADICIONAL--NOMBRE DE PERSONA |
| Nombre de persona |
Finocchio, Silvia |
| 700 ## - PUNTO DE ACCESO ADICIONAL--NOMBRE DE PERSONA |
| Nombre de persona |
Rosero, Luis |
| 942 ## - ELEMENTOS DE PUNTO DE ACCESO ADICIONAL (KOHA) |
| Fuente del sistema de clasificación o colocación |
Clasificación Decimal Dewey |
| Tipo de ítem Koha |
Libros |
| 999 ## - NÚMEROS DE CONTROL DE SISTEMA (KOHA) |
| Koha biblionumber |
13555 |